| 000 | 00463nam a2200133Ia 4500 | ||
|---|---|---|---|
| 008 | 200925s9999 xx 000 0 und d | ||
| 020 | _a978-621-409-082-2 | ||
| 100 | _aAlejo, Ryan N. | ||
| 245 |
_cRyan N. Alejo, Isaias L. Borres.-- _aManagement accounting for non-accountants / |
||
| 260 |
_aMandaluyong City : _bBooks Atbp. Publishing Corp. _c2017 |
||
| 300 |
_ax , 246 pages : _billustrations ; _c25 cm. |
||
| 650 | _aAccounting | ||
| 650 | _aFinancial statements | ||
| 999 |
_c364504 _d364504 |
||